000 01194nam a2200325 i 4500
001 000039458
003 DO-SdBNP
005 20260129125203.0
007 ta
008 081117s2001 dr 000 0 spa d
040 _aDO-SdBNP
_bspa
_cBNPHU
_erda
082 4 _a344.729302
_bR426Le 2001
_222
110 1 _aRepública Dominicana
_9447
240 1 0 _a[Leyes, etc.]
245 1 0 _aLey no. 87-01 que crea el sistema dominicano de seguridad social :
_bpromulgada el 9 de mayo del 2001.
246 1 4 _aLey de seguridad social no. 87-01 :
_bpromulgada el 9 de mayo del 2001
260 _aSanto Domingo :
_bFATEC Promotores de Salud;
_bFATEC Promotores de Pensiones,
_c2001.
264 _aSanto Domingo :
300 _a181 páginas ;
_c22 cm.
336 _2rdacontent
_atexto
_btxt
337 _2rdamedia
_asin mediación
_bn
338 _2rdacarrier
_avolumen
_bnc
590 _aInventariado, 2018/VM
650 1 4 _aSeguridad social
_xLegislación
_zRepública Dominicana
_914351
650 1 0 _aLegislación social
_91149
650 1 4 _aLeyes
_zRepública Dominicana
_93033
651 1 4 _aRepública Dominicana
_xLey Nº 87-01
_965657
910 _aValidado. Control de calidad EMS
942 _2ddc
_cLBS1
999 _c38948
_d38948